00377nam a2200145Ia 4500008004100000040001900041041001200060082001800072100002000090245003100110260003600141300002100177650002300198850001000221131103s9999 xx 000 0 und d aLoreto College aEnglish aF/POWbLCLIB/ aPowell,F.Inglis 4aThe SnakecF.Inglis Powell aLondonbJohn Lans Co.c[19 - ?] a304 p. c 18 cm. aFiction in English aLCLIB